[Event "GER-ch Net Amateur Gr-C Final"]
[Site "Playchess.com INT"]
[Date "2020.04.18"]
[Round "9"]
[White "Cancedda, Bastian"]
[Black "Foeing, Alexander"]
[Result "1/2-1/2"]
[WhiteElo "1568"]
[BlackElo "1338"]
[PlyCount "104"]
[EventDate "2020.04.18"]
[EventType "swiss (blitz)"]
[EventRounds "13"]
[EventCountry "GER"]
[SourceTitle "CBM 195 Extra"]
[Source "ChessBase"]
[SourceDate "2020.05.31"]
[SourceVersion "1"]
[SourceVersionDate "2020.05.31"]
[SourceQuality "1"]

1. c4 e5 2. Nc3 Nf6 3. d3 g6 4. e4 Bg7 5. Nge2 0-0 6. g3 d6 7. Bg2 Nc6 8. 0-0 Bg4 9. f3 Be6 10. f4 Qd7 11. f5 gxf5 12. exf5 Bxf5 13. Bg5 Bh3 14. Bxf6 Bxf6 15. Rxf6 Nd4 16. Nxd4 exd4 17. Ne4 d5 18. cxd5 Bxg2 19. Kxg2 Qxd5 20. Kg1 Qe5 21. Qg4+ Kh8 22. Rff1 f5 23. Qf4 Qxf4 24. Rxf4 fxe4 25. Rxe4 Rad8 26. Rae1 b6 27. Re7 Rc8 28. R1e4 Rfd8 29. Rf4 Kg8 30. Rff7 Re8 31. Rxe8+ Rxe8 32. Rxc7 Re1+ 33. Kf2 Rb1 34. Rxa7 Rxb2+ 35. Kg1 Rd2 36. Ra3 Kf7 37. Kf1 Ke6 38. Ke1 Rxh2 39. Rb3 Rxa2 40. Rxb6+ Kf5 41. Rd6 Ke5 42. Rd7 Ra3 43. Rxh7 Rxd3 44. Rf7 Rxg3 45. Re7+ Kd6 46. Re8 Kd5 47. Kd2 Kc4 48. Rc8+ Kd5 49. Rd8+ Ke5 50. Re8+ Kf4 51. Rf8+ Ke4 52. Re8+ Kf3 1/2-1/2

[Event "GER-ch Net Amateur Gr-C Final"]
[Site "Playchess.com INT"]
[Date "2020.04.18"]
[Round "3"]
[White "Kuever, Benjamin"]
[Black "Foeing, Alexander"]
[Result "1-0"]
[WhiteElo "1542"]
[BlackElo "1338"]
[PlyCount "103"]
[EventDate "2020.04.18"]
[EventType "swiss (blitz)"]
[EventRounds "13"]
[EventCountry "GER"]
[SourceTitle "CBM 195 Extra"]
[Source "ChessBase"]
[SourceDate "2020.05.31"]
[SourceVersion "1"]
[SourceVersionDate "2020.05.31"]
[SourceQuality "1"]

1. e4 e5 2. Nf3 Nc6 3. Bb5 d6 4. 0-0 Nf6 5. Re1 g6 6. d4 Bg7 7. dxe5 dxe5 8. Qxd8+ Kxd8 9. Bxc6 bxc6 10. Nxe5 Nh5 11. Nxf7+ Ke8 12. Nxh8 Bxh8 13. c3 Kf8 14. Bh6+ Bg7 15. Bxg7+ Nxg7 16. Nd2 Ne6 17. Nf3 Nc5 18. Rad1 Bg4 19. Re3 Ke8 20. h3 Bxf3 21. Rxf3 Ke7 22. Re3 Rb8 23. b4 Na4 24. Red3 Nb2 25. Rd7+ Ke8 26. R1d4 Na4 27. Rxc7 Nxc3 28. Rxc6 Nb5 29. Rdc4 Na3 30. Rc8+ Rxc8 31. Rxc8+ Kd7 32. Rh8 h5 33. Rh7+ Ke6 34. Rxa7 Nc2 35. b5 Kd6 36. b6 Kc6 37. Rc7+ Kxb6 38. Rxc2 Kb5 39. Kf1 Kb4 40. Ke2 Kb5 41. Kd3 Kb6 42. Rc4 Kb7 43. Kd4 Kb6 44. Kd5 Kb5 45. e5 Kb6 46. Rc5 Kb7 47. Rc6 g5 48. Kd6 Kb8 49. Rc7 Ka8 50. Kc6 Kb8 51. Kb6 Ka8 52. Rc8# 1-0

[Event "GER-ch Net Amateur Gr-C Vor3"]
[Site "Playchess.com INT"]
[Date "2020.04.16"]
[Round "3"]
[White "Knochenhauer Avila, Santiago"]
[Black "Foeing, Alexander"]
[Result "0-1"]
[WhiteElo "1085"]
[BlackElo "1286"]
[PlyCount "51"]
[EventDate "2020.04.16"]
[EventType "swiss (blitz)"]
[EventRounds "9"]
[EventCountry "GER"]
[SourceTitle "CBM 195 Extra"]
[Source "ChessBase"]
[SourceDate "2020.05.31"]
[SourceVersion "1"]
[SourceVersionDate "2020.05.31"]
[SourceQuality "1"]

1. e4 e5 2. Nc3 Nf6 3. d3 h6 4. Be3 Be7 5. Qe2 0-0 6. 0-0-0 Nc6 7. a3 b6 8. Qf3 Bb7 9. Re1 Bc5 10. Re2 Nd4 11. Qg4 Nxg4 12. Rd2 Nxe3 13. fxe3 Nc6 14. d4 exd4 15. exd4 Bxd4 16. Nd5 Qg5 17. Bb5 Bxb2+ 18. Kxb2 Qxd2 19. Nb4 Nxb4 20. axb4 Qxb4+ 21. Kc1 Qxb5 22. Kd2 Bxe4 23. Ne2 Qc4 24. Nc3 Bxg2 25. Re1 Qd4+ 26. Kc1 0-1

[Event "GER-ch Net blitz qual4"]
[Site "Playchess.com INT"]
[Date "2020.03.23"]
[Round "2"]
[White "Hoellenriegel, Daniela"]
[Black "Foeing, Alexander"]
[Result "1-0"]
[WhiteElo "2012"]
[BlackElo "1344"]
[PlyCount "83"]
[EventDate "2020.03.23"]
[EventType "swiss (blitz)"]
[EventRounds "9"]
[EventCountry "GER"]
[SourceTitle "CBM 195 Extra"]
[Source "ChessBase"]
[SourceDate "2020.05.31"]
[SourceVersion "1"]
[SourceVersionDate "2020.05.31"]
[SourceQuality "1"]

1. d4 d5 2. c3 e6 3. g3 Nf6 4. Bg2 Be7 5. Nf3 0-0 6. Bg5 h6 7. Bxf6 Bxf6 8. Nbd2 Nd7 9. e4 b6 10. exd5 exd5 11. 0-0 Bb7 12. Qb3 Re8 13. Rfe1 Rxe1+ 14. Rxe1 c5 15. dxc5 Nxc5 16. Qc2 d4 17. cxd4 Bxd4 18. Nxd4 Bxg2 19. Kxg2 Qxd4 20. Nf3 Qb4 21. a3 Qg4 22. b4 Ne6 23. Ne5 Qg5 24. f4 Qf6 25. Qc6 Rd8 26. Qc2 Nd4 27. Qf2 Nc6 28. Nf3 Kf8 29. b5 Na5 30. a4 Qc3 31. Re4 Qd3 32. Re2 Nb3 33. Qe1 Nd4 34. Qb4+ Kg8 35. Nxd4 Rxd4 36. Qe7 Rd8 37. Re5 Qd2+ 38. Kh3 Qd4 39. Qxa7 f6 40. Re7 Qd5 41. Rxg7+ Kf8 42. Qe7# 1-0

[Event "GER-ch Net blitz qual4"]
[Site "Playchess.com INT"]
[Date "2020.03.23"]
[Round "9"]
[White "Weidenhoefer, Ben"]
[Black "Foeing, Alexander"]
[Result "1-0"]
[WhiteElo "1077"]
[BlackElo "1344"]
[PlyCount "51"]
[EventDate "2020.03.23"]
[EventType "swiss (blitz)"]
[EventRounds "9"]
[EventCountry "GER"]
[SourceTitle "CBM 195 Extra"]
[Source "ChessBase"]
[SourceDate "2020.05.31"]
[SourceVersion "1"]
[SourceVersionDate "2020.05.31"]
[SourceQuality "1"]

1. d4 d5 2. Nf3 e6 3. Bf4 Nf6 4. e3 c6 5. Bd3 g6 6. 0-0 Bg7 7. c3 0-0 8. Nbd2 Nbd7 9. Re1 b6 10. Rc1 Bb7 11. c4 dxc4 12. Bxc4 Re8 13. Qc2 Ng4 14. h3 Ngf6 15. Ne4 Nxe4 16. Qxe4 Qc8 17. Qd3 e5 18. dxe5 Bxe5 19. Bxe5 Nxe5 20. Qd1 Nxc4 21. Rxc4 Rd8 22. Ng5 c5 23. Qb3 Qc6 24. Rg4 Kg7 25. Qxf7+ Kh8 26. Qxh7# 1-0

[Event "GER-ch Net blitz qual3"]
[Site "Playchess.com INT"]
[Date "2020.03.21"]
[Round "4"]
[White "Panskus, Martin"]
[Black "Foeing, Alexander"]
[Result "1-0"]
[WhiteElo "2088"]
[BlackElo "1283"]
[PlyCount "52"]
[EventDate "2020.03.21"]
[EventType "swiss (blitz)"]
[EventRounds "9"]
[EventCountry "GER"]
[SourceTitle "CBM 195 Extra"]
[Source "ChessBase"]
[SourceDate "2020.05.31"]
[SourceVersion "1"]
[SourceVersionDate "2020.05.31"]
[SourceQuality "1"]

1. e4 e5 2. Nf3 Nc6 3. Bc4 Nf6 4. Ng5 d5 5. exd5 Na5 6. Bb5+ c6 7. dxc6 bxc6 8. Be2 h6 9. Nh3 Bc5 10. d3 0-0 11. c3 Bxh3 12. gxh3 Qb6 13. 0-0 Bd6 14. Nd2 Qc7 15. Ne4 Nxe4 16. dxe4 Nb7 17. Bc4 Nc5 18. Qg4 Kh8 19. Qh5 Nxe4 20. Bxh6 gxh6 21. Qxh6+ Kg8 22. Kh1 Be7 23. Rg1+ Ng5 24. Rxg5+ Bxg5 25. Qxg5+ Kh8 26. Qh6+ Kg8 1-0

[Event "GER-ch Net blitz qual3"]
[Site "Playchess.com INT"]
[Date "2020.03.21"]
[Round "6"]
[White "Plum, Paul"]
[Black "Foeing, Alexander"]
[Result "1-0"]
[WhiteElo "1790"]
[BlackElo "1283"]
[PlyCount "77"]
[EventDate "2020.03.21"]
[EventType "swiss (blitz)"]
[EventRounds "9"]
[EventCountry "GER"]
[SourceTitle "CBM 195 Extra"]
[Source "ChessBase"]
[SourceDate "2020.05.31"]
[SourceVersion "1"]
[SourceVersionDate "2020.05.31"]
[SourceQuality "1"]

1. e4 e5 2. Nf3 Nc6 3. Bc4 Nf6 4. Ng5 d5 5. exd5 Na5 6. Bb5+ c6 7. dxc6 bxc6 8. Bd3 h6 9. Ne4 Be7 10. Nxf6+ Bxf6 11. 0-0 0-0 12. Re1 Re8 13. Bf1 Qd5 14. Nc3 Qd7 15. d3 Qd8 16. Be3 Qc7 17. Ne4 Qd8 18. Qd2 Nb7 19. Nxf6+ Qxf6 20. Qc3 Qg6 21. d4 exd4 22. Bxd4 Rxe1 23. Rxe1 c5 24. Re8+ Kh7 25. Bxc5 Nxc5 26. Qxc5 Bb7 27. Rxa8 Bxa8 28. Qxa7 Bd5 29. Qd4 Bc6 30. Bd3 Be4 31. Bxe4 Qxe4 32. Qxe4+ g6 33. a4 Kg7 34. a5 Kf8 35. a6 Kg7 36. a7 Kf8 37. a8Q+ Kg7 38. Qe5+ Kh7 39. Qah8# 1-0

[Event "GER-ch Net blitz qual2"]
[Site "Playchess.com INT"]
[Date "2020.03.16"]
[Round "6"]
[White "Marcziter, Alex"]
[Black "Foeing, Alexander"]
[Result "1-0"]
[WhiteElo "1401"]
[BlackElo "1620"]
[PlyCount "97"]
[EventDate "2020.03.16"]
[EventType "swiss (blitz)"]
[EventRounds "9"]
[EventCountry "GER"]
[SourceTitle "CBM 195 Extra"]
[Source "ChessBase"]
[SourceDate "2020.05.31"]
[SourceVersion "1"]
[SourceVersionDate "2020.05.31"]
[SourceQuality "1"]

1. e4 e5 2. Nf3 Nc6 3. Bc4 Nf6 4. Ng5 d5 5. exd5 Na5 6. Bb5+ c6 7. dxc6 bxc6 8. Be2 h6 9. Nf3 Bc5 10. 0-0 0-0 11. Nxe5 Bd6 12. d4 Re8 13. Nf3 Bg4 14. h3 Bxf3 15. Bxf3 Qc7 16. Be3 Bh2+ 17. Kh1 Bd6 18. Nd2 Qd7 19. Re1 Bc7 20. c4 Qd6 21. g3 Re7 22. Nb3 Nxc4 23. Bf4 Rxe1+ 24. Qxe1 Qd7 25. Bxc7 Qxc7 26. Qe2 Nb6 27. Nc5 Qc8 28. Kg2 Qf5 29. Bxc6 Rc8 30. Bb5 Nbd5 31. Bd3 Qg5 32. Kh2 Re8 33. Qf3 Nh5 34. Qf5 Qd2 35. Rf1 Ndf6 36. Nd7 Re2 37. Nxf6+ Nxf6 38. Qf4 Rxf2+ 39. Rxf2 Qe1 40. Qb8+ Ne8 41. Re2 Qf1 42. Qf4 Qxe2+ 43. Bxe2 Nf6 44. Qb8+ Kh7 45. Bd3+ g6 46. Qc7 Nh5 47. Qxf7+ Kh8 48. Bxg6 Ng7 49. Qf8# 1-0

[Event "GER-ch Net blitz qual2"]
[Site "Playchess.com INT"]
[Date "2020.03.16"]
[Round "8"]
[White "Mentz, Thomas"]
[Black "Foeing, Alexander"]
[Result "1/2-1/2"]
[WhiteElo "1399"]
[BlackElo "1620"]
[PlyCount "53"]
[EventDate "2020.03.16"]
[EventType "swiss (blitz)"]
[EventRounds "9"]
[EventCountry "GER"]
[SourceTitle "CBM 195 Extra"]
[Source "ChessBase"]
[SourceDate "2020.05.31"]
[SourceVersion "1"]
[SourceVersionDate "2020.05.31"]
[SourceQuality "1"]

1. d4 d5 2. Nf3 e6 3. e3 Nf6 4. Bd3 c6 5. Nbd2 g6 6. 0-0 Bg7 7. c3 0-0 8. e4 dxe4 9. Nxe4 Nxe4 10. Bxe4 Nd7 11. Bf4 Nf6 12. Bc2 Nd5 13. Be5 Bxe5 14. Nxe5 f6 15. Ng4 f5 16. Ne5 f4 17. f3 Ne3 18. Qe2 Nxf1 19. Rxf1 b6 20. Bd3 c5 21. Qc2 cxd4 22. Bxg6 hxg6 23. Qxg6+ Kh8 24. Qh6+ Kg8 25. Qg6+ Kh8 26. Qh6+ Kg8 27. Qg6+ 1/2-1/2